| 000 | 00802nam a2200265Ia 4500 | ||
|---|---|---|---|
| 001 | Z_114 | ||
| 003 | CHAP | ||
| 008 | 220113s9999 xx 000 0 und d | ||
| 010 | _a163082 | ||
| 040 | _cCHAP | ||
| 090 | _aR-6 | ||
| 100 |
_aParetao, J J _985545 |
||
| 245 |
_aUso del nitrógeno en pastos tropicales: v aspectos que se han de considerar en la utilización del fertilizante nitrogenado / _cpor J. J. Peretao |
||
| 260 | _a | ||
| 500 | _aSobretiro de: Cienc. Tec. Agr. Pastos y forrajes. 4 (1): 59-95, 1981 | ||
| 650 |
_aFertilizantes nitrogenados _940596 |
||
| 650 |
_aNitrógeno _xEfecto en pastos _981455 |
||
| 650 |
_aPastos _xFertilización I. t. _9137316 |
||
| 901 | _aR-6 | ||
| 902 | _aM | ||
| 910 | _a | ||
| 942 | _cc14 | ||
| 942 | _cc14 | ||
| 999 |
_c163082 _d163082 |
||